Családokat támogató szociális ellátások az Európai Közösség országaiban

Elmentve itt :
Bibliográfiai részletek
Szerző: Révész Károlyné
További közreműködők: Pogány Magdolna (Témavezető)
Dokumentumtípus: Szakdolgozat
Megjelent: 1996
Tárgyszavak:
Online Access:http://diploma.bibl.u-szeged.hu/23663
LEADER 00605nta a2200157 i 4500
001 dipl23663
005 20130314082143.0
008 110921s1996 hu om 0|| zxx d
040 |a SZTE Diploma Repozitórium  |b hun 
041 |a zxx 
100 1 |a Révész Károlyné 
245 1 0 |a Családokat támogató szociális ellátások az Európai Közösség országaiban  |h [elektronikus dokumentum] /  |c Károlyné Révész 
260 |c 1996 
650 4 |a Jogi és igazgatási tanulmányok 
700 1 |a Pogány Magdolna  |e ths 
856 4 0 |u http://diploma.bibl.u-szeged.hu/id/eprint/23663/1/1996_revesz_karolyne.pdf  |z Dokumentum-elérés